000 00738nam a2200229Ii 4500
003 JO-AjNU
008 230605s9999||||xx |||||||||||||| ||und||
017 _a2009/9179
020 _a978-977-477-258
040 _aJO-AjNU
_bara
_erda
_cJO-AjNU
041 _aara
050 1 4 _aHF5547.D46.2010
100 3 _aالذنيبات،محمد/محمد القريوني/زهير الطباع,
_eauthor
_933796
245 0 0 _aمبادىء الادارة
250 _aط1
264 3 1 _aالقاهرة:الشركة المتحدة للتسويق والتوريدات؛2010
300 _a426ص
336 _atext
_btxt
_2rdacontent
337 _aunmediated
_bn
_2rdamedia
338 _avolume
_bnc
_2rdacarrier
650 4 _aالادارة
_933797
999 _aA13791
_c17359
_d17359